Understanding collaboration in disaster assistance networks: Organizational homophily or resource dependency? (Record no. 512863)

000 -LEADER
fixed length control field 01816nam a2200193 4500
008 - FIXED-LENGTH DATA ELEMENTS--GENERAL INFORMATION
fixed length control field 191224b ||||| |||| 00| 0 eng d
100 ## - MAIN ENTRY--PERSONAL NAME
Personal name Sapat, Alka
245 ## - TITLE STATEMENT
Title Understanding collaboration in disaster assistance networks: Organizational homophily or resource dependency?
260 ## - PUBLICATION, DISTRIBUTION, ETC. (IMPRINT)
Name of publisher, distributor, etc American Review of Public Administration
300 ## - PHYSICAL DESCRIPTION
Extent 49(8), Nov, 2019: p.957-972.
520 ## - SUMMARY, ETC.
Summary, etc Greater collaboration among nongovernmental organizations (NGOs) after disasters is important in helping them deliver services, share information, and avoid resource duplication. Following a disaster, numerous NGOs, including a large number of faith-based NGOs, typically offer disaster assistance. But to what extent do these NGOs providing disaster assistance collaborate with each other? Does organizational homophily prevail? Or is the need to acquire resources an incentive for collaboration? Are collaborations characterized by relationships of dependency? To answer these questions, we analyze collaboration between international NGOs, local NGOs, faith-based organizations, and other organizations providing disaster assistance in Haiti in the 3-year period following the 2010 earthquake. Data on these organizations and their networks were analyzed using social network analysis methods. The major findings are that most organizations collaborate within sectoral boundaries and that homophily is one of the main drivers of collaboration, illuminating power relationships in disaster assistance networks. - Reproduced.
650 ## - SUBJECT ADDED ENTRY--TOPICAL TERM
Topical term or geographic name as entry element Disaster relief
9 (RLIN) 14840
650 ## - SUBJECT ADDED ENTRY--TOPICAL TERM
Topical term or geographic name as entry element Non governmental organisations
9 (RLIN) 14841
700 ## - ADDED ENTRY--PERSONAL NAME
Personal name Esnard, Ann-Margaret
9 (RLIN) 14842
700 ## - ADDED ENTRY--PERSONAL NAME
Personal name Kolpakov, Aleksey
9 (RLIN) 14843
773 ## - HOST ITEM ENTRY
Main entry heading American Review of Public Administration
906 ## - LOCAL DATA ELEMENT F, LDF (RLIN)
Subject DIP Disaster management
942 ## - ADDED ENTRY ELEMENTS (KOHA)
Source of classification or shelving scheme
Item type Articles
Holdings
Withdrawn status Lost status Source of classification or shelving scheme Damaged status Not for loan Permanent location Current location Date acquired Serial Enumeration / chronology Barcode Date last seen Koha item type
          Indian Institute of Public Administration Indian Institute of Public Administration 2019-12-24 49(8), Nov, 2019: p.957-972. AR122192 2019-12-24 Articles

Powered by Koha